000 00251nam a2200097Ia 4500
001 682838
005 20250826161426.0
008 250824s9999 xx 000 0 und d
245 0 _aAŞK DİYE BİR ŞEY
_cAHMED GÜNBAY YILDIZ
260 _bTİMAŞ YAYINLARI
999 _c682838
_d682838